000 00620nam a2200193Ia 4500
008 131103s9999 xx 000 0 und d
020 _aSBN 03-084188-7
040 _aLoreto College
041 _aEnglish
082 _a808.83/HUG
_bLCLIB/22777
245 _aStudies in short fiction
_b five short novels and twenty-five stories
_cedited by Douglas A. Hughes
260 _aNew York
_bHolt, Rinehart and Winston
_c1971
300 _axix, 611 p.
_c 22 cm.
650 _aEnglish Literature -
651 _aFiction - Novels - Story -
700 _aHughes, Douglas A, ed.
850 _aLCLIB/808.83/HUG
942 _cBK
999 _c1791
_d52270